000
00234nam a22000977a 4500
008
160512b xxu||||| |||| 00| 0 eng d
041
_a
eng
080
_a
618
245
_a
Surgery Gynecology & Obstetrics / REVISTA
_c
SGO;
942
_2
udc
_c
BK
999
_c
2140
_d
2140